[Event "8th Open"]
[Site "St Lo"]
[Date "2004.02.18"]
[Round "7"]
[White "Navrotescu , Catalin"]
[Black "Mihajlovskij, Sergei"]
[Result "1-0"]
[WhiteElo "2399"]
[BlackElo "2419"]
[PlyCount "99"]
[EventDate "2004.02.14"]
[Source "Roberto Alvarez"]
[SourceDate "2004.03.08"]

1. d4 Nf6 2. c4 g6 3. Nc3 Bg7 4. e4 d6 5. Nf3 O-O 6. h3 e5 7. d5 a5 8. Bg5 Qe8
9. g4 Nfd7 10. Rg1 Nc5 11. Qd2 Nba6 12. h4 Bd7 13. h5 f6 14. Be3 g5 15. Nh2 Rf7
16. Be2 Bf8 17. Nf1 Qb8 18. Ng3 c6 19. f3 Be7 20. Kf2 Bd8 21. Rgd1 Bc7 22. b3
Qf8 23. Rab1 Bc8 24. Rb2 Rd7 25. Rdb1 Rd8 26. Bd1 Bb6 27. a3 Rb8 28. b4 axb4
29. axb4 Nd7 30. Ba4 c5 31. Bxd7 Bxd7 32. bxc5 Bxc5 33. Rxb7 Bxe3+ 34. Kxe3 Nc5
35. R7b6 Rxb6 36. Rxb6 Ra8 37. Qb2 Qc8 38. Nf5 Bxf5 39. exf5 Qd8 40. Qb5 Kg7
41. Kd2 e4 42. h6+ Kxh6 43. fxe4 Ra1 44. e5 Ra5 45. Qc6 dxe5 46. Qxf6+ Qxf6 47.
Rxf6+ Kg7 48. Rb6 Kf7 49. Rb5 Rxb5 50. Nxb5 1-0

[Event "FRA-chT N2 Ouest"]
[Site "FRA"]
[Date "2003.01.18"]
[Round "5"]
[White "Kozakov, Mikhail"]
[Black "Navrotescu , Catalin"]
[Result "1-0"]
[WhiteElo "2451"]
[BlackElo "2422"]
[PlyCount "79"]
[EventDate "2003.10.13"]
[EventType "team"]
[EventRounds "11"]
[EventCountry "FRA"]
[Source "Roberto Alvarez"]
[SourceDate "2003.07.07"]

1. e4 c5 2. Nf3 d6 3. d4 cxd4 4. Nxd4 Nf6 5. Nc3 a6 6. Be2 e5 7. Nb3 Be7 8. O-O
O-O 9. Be3 Be6 10. Bf3 Nbd7 11. a4 Nb6 12. Bxb6 Qxb6 13. a5 Qc7 14. Qd2 Rac8
15. Rfd1 Rfd8 16. Qe3 h6 17. h3 Bf8 18. Rd2 g6 19. Nc1 Bg7 20. Nd3 h5 21. Nb4
Qc5 22. Qxc5 dxc5 23. Nbd5 Bxd5 24. Nxd5 Nxd5 25. Rxd5 Rxd5 26. exd5 f5 27. Ra3
Rd8 28. Rb3 Rd7 29. Rb6 Kf7 30. g4 hxg4 31. hxg4 e4 32. Be2 Bf6 33. gxf5 gxf5
34. Bh5+ Kg7 35. c4 Bd8 36. Re6 Bxa5 37. Bg6 b5 38. Bxf5 bxc4 39. Rg6+ Kf7 40.
Rxa6 1-0

[Event "FRA-chT N2 Ouest"]
[Site "FRA"]
[Date "2003.01.19"]
[Round "6"]
[White "Navrotescu , Catalin"]
[Black "Delaunay, Sebastien"]
[Result "1/2-1/2"]
[WhiteElo "2422"]
[BlackElo "2315"]
[PlyCount "68"]
[EventDate "2003.10.13"]
[EventType "team"]
[EventRounds "11"]
[EventCountry "FRA"]
[Source "Roberto Alvarez"]
[SourceDate "2003.07.07"]

1. d4 d5 2. c4 e6 3. Nf3 Nf6 4. Nc3 Be7 5. Bg5 h6 6. Bh4 O-O 7. e3 b6 8. cxd5
Nxd5 9. Bxe7 Qxe7 10. Nxd5 exd5 11. Rc1 Be6 12. Qa4 c5 13. Qa3 Rc8 14. Be2 Kf8
15. dxc5 bxc5 16. O-O Nd7 17. Rc2 a5 18. Rfc1 Rcb8 19. Nd2 c4 20. Qxe7+ Kxe7
21. e4 dxe4 22. Bxc4 f5 23. f3 Nf6 24. Bxe6 Kxe6 25. Rc6+ Kf7 26. Nc4 Ra7 27.
Rc5 Kg8 28. Rxf5 Rc7 29. b3 a4 30. Rc3 Rd8 31. fxe4 Nxe4 32. Rcf3 Nd2 33. Nxd2
Rxd2 34. bxa4 Rxa2 1/2-1/2

[Event "FRA-chT N2 Ouest"]
[Site "FRA"]
[Date "2003.02.02"]
[Round "7"]
[White "Navrotescu , Catalin"]
[Black "Inkiov, Ventzislav"]
[Result "0-1"]
[WhiteElo "2422"]
[BlackElo "2465"]
[PlyCount "100"]
[EventDate "2003.10.13"]
[EventType "team"]
[EventRounds "11"]
[EventCountry "FRA"]
[Source "Roberto Alvarez"]
[SourceDate "2003.07.07"]

1. d4 Nf6 2. c4 e6 3. Nf3 d5 4. Nc3 Bb4 5. cxd5 exd5 6. Bg5 Nbd7 7. e3 c5 8.
Bd3 Qa5 9. Qc2 c4 10. Bf5 O-O 11. O-O g6 12. Bxd7 Nxd7 13. Nd2 Re8 14. f3 Bxc3
15. bxc3 Nb6 16. Rae1 Na4 17. Nb1 Bd7 18. h4 Re6 19. e4 f6 20. Bf4 Rae8 21. Re3
b5 22. a3 Bc6 23. Rfe1 Qd8 24. exd5 Bxd5 25. Rxe6 Rxe6 26. Rxe6 Bxe6 27. g4 Nb6
28. Qh2 Nd5 29. Bd6 h5 30. gxh5 gxh5 31. Nd2 Nxc3 32. Ne4 Nxe4 33. fxe4 Bg4 34.
e5 Qa5 35. Qf2 Qc3 36. exf6 Kf7 37. Bb4 Qd3 38. d5 Qxd5 39. Qxa7+ Kxf6 40. Bc3+
Kf5 41. Qe3 Qd6 42. Kg2 Bd1 43. Bb4 Qf4 44. Qxf4+ Kxf4 45. Kf2 Bg4 46. Bf8 Ke4
47. Be7 Kd3 48. Bb4 c3 49. Bf8 Kd2 50. Bb4 Kc2 0-1

[Event "FRA-chT N2 Ouest"]
[Site "FRA"]
[Date "2003.03.15"]
[Round "8"]
[White "Navrotescu , Catalin"]
[Black "Justo, Damian"]
[Result "1/2-1/2"]
[WhiteElo "2422"]
[BlackElo "2306"]
[PlyCount "75"]
[EventDate "2003.10.13"]
[EventType "team"]
[EventRounds "11"]
[EventCountry "FRA"]
[Source "Roberto Alvarez"]
[SourceDate "2003.07.07"]

1. d4 e6 2. c4 Nf6 3. Nc3 d5 4. Bg5 Be7 5. e3 h6 6. Bh4 O-O 7. Nf3 b6 8. Be2
Bb7 9. Rc1 dxc4 10. Bxc4 Ne4 11. Bxe7 Qxe7 12. Nxe4 Bxe4 13. O-O c5 14. dxc5
bxc5 15. Bd3 Bd5 16. Qc2 Bxf3 17. gxf3 Nd7 18. Be4 Rab8 19. f4 Rfc8 20. b3 Nb6
21. Qe2 Rc7 22. Rc2 Rbc8 23. Rfc1 c4 24. bxc4 Rc5 25. Kh1 Qh4 26. f3 Kh8 27.
Bd3 e5 28. fxe5 Rxe5 29. f4 Re7 30. Qf3 Rc5 31. e4 Qf6 32. Rf1 Qd4 33. e5 f6
34. Re2 Rc8 35. e6 Rd8 36. Re3 Nxc4 37. Bxc4 Qxc4 38. Qf2 1/2-1/2

[Event "FRA-chT N2 Ouest"]
[Site "FRA"]
[Date "2003.03.16"]
[Round "9"]
[White "Kogan, Artur"]
[Black "Navrotescu , Catalin"]
[Result "1/2-1/2"]
[WhiteElo "2535"]
[BlackElo "2422"]
[PlyCount "87"]
[EventDate "2003.10.13"]
[EventType "team"]
[EventRounds "11"]
[EventCountry "FRA"]
[Source "Roberto Alvarez"]
[SourceDate "2003.07.07"]

1. Nf3 d5 2. d4 Nf6 3. c4 e6 4. Nc3 Bb4 5. cxd5 exd5 6. Bg5 Nbd7 7. e3 c5 8.
Bd3 Qa5 9. Qc2 c4 10. Bf5 O-O 11. O-O Re8 12. Nd2 g6 13. Bh3 Bxc3 14. Qxc3 Qxc3
15. bxc3 Ne4 16. Nxe4 dxe4 17. Bg4 Nb6 18. Be2 Be6 19. a4 Nd5 20. Ra3 Rac8 21.
Rb1 Rc7 22. Bh4 b6 23. Kf1 a6 24. Ke1 f6 25. Kd2 Rc6 26. Ra2 Kg7 27. Rab2 h5
28. Bg3 Rh8 29. h4 Bf5 30. Rf1 Re8 31. Bd1 Re7 32. Bc2 Re8 33. Bh2 Rce6 34. Bg1
R6e7 35. Bb1 Re6 36. Ba2 Rc6 37. f3 Re7 38. Bf2 Re8 39. Rg1 Re7 40. g4 hxg4 41.
fxg4 Bd7 42. g5 f5 43. Bg3 Rc8 44. Rgb1 1/2-1/2

[Event "FRA-chT N2 Ouest"]
[Site "FRA"]
[Date "2003.04.06"]
[Round "11"]
[White "Navrotescu , Catalin"]
[Black "Bagheri, Amir"]
[Result "0-1"]
[WhiteElo "2422"]
[BlackElo "2431"]
[PlyCount "92"]
[EventDate "2003.10.13"]
[EventType "team"]
[EventRounds "11"]
[EventCountry "FRA"]
[Source "Roberto Alvarez"]
[SourceDate "2003.07.07"]

1. d4 Nf6 2. c4 e6 3. Nc3 Bb4 4. e3 c5 5. Bd3 Nc6 6. Nf3 d5 7. O-O O-O 8. a3
Bxc3 9. bxc3 dxc4 10. Bxc4 Qc7 11. Ba2 e5 12. Bb2 e4 13. Nd2 Ng4 14. g3 Re8 15.
Kg2 Nf6 16. h3 Qd7 17. Rh1 Qf5 18. Qe2 h5 19. Rae1 Bd7 20. Bb1 Qg6 21. Kh2 Qf5
22. Kg1 b5 23. Kg2 Qg6 24. Kh2 Qf5 25. Kg2 Qd5 26. f4 Rac8 27. Rc1 c4 28. Rh2
g6 29. Rg1 Bf5 30. Kh1 Qd7 31. Qg2 Kg7 32. Bc2 Rh8 33. Nxe4 Nxe4 34. Bxe4 Bxe4
35. Qxe4 Rce8 36. Qf3 f5 37. g4 hxg4 38. hxg4 Ne7 39. Rgg2 Rxh2+ 40. Rxh2 Nd5
41. Bc1 fxg4 42. Qg3 Nf6 43. Qh4 Qd5+ 44. Kg1 Qe4 45. Qh6+ Kf7 46. Rf2 Rd8 0-1

[Event "ROM-ch"]
[Site "Satu Mare"]
[Date "2003.09.01"]
[Round "1.1"]
[White "Burlacu, Bogdan"]
[Black "Navrotescu , Catalin"]
[Result "1/2-1/2"]
[WhiteElo "2214"]
[BlackElo "2397"]
[PlyCount "68"]
[EventDate "2003.09.01"]
[EventType "k.o."]
[EventRounds "5"]
[EventCountry "ROM"]
[Source "Roberto Alvarez"]
[SourceDate "2003.10.06"]

1. e4 e6 2. d3 d5 3. Nd2 Nf6 4. Ngf3 b6 5. g3 dxe4 6. dxe4 Bb7 7. Bb5+ Nbd7 8.
Ne5 a6 9. Bc6 Bxc6 10. Nxc6 Qc8 11. Nd4 Qb7 12. Qe2 O-O-O 13. f3 Ne5 14. N4b3
g5 15. Nc4 Nxc4 16. Bxg5 Nxe4 17. fxe4 Nxb2 18. Bxd8 Bb4+ 19. Kf2 Rxd8 20. Rhf1
c5 21. c4 Bc3 22. Kg1 Be5 23. Rab1 Na4 24. Rbe1 Nc3 25. Qh5 f6 26. Qg4 Qc6 27.
Rf2 h5 28. Qxh5 Nxe4 29. Qf3 f5 30. Rd2 Rg8 31. Rd3 Qb7 32. Rde3 Rg4 33. Rxe4
Rxe4 34. Rxe4 Qxe4 1/2-1/2

[Event "ROM-ch"]
[Site "Satu Mare"]
[Date "2003.09.02"]
[Round "1.2"]
[White "Navrotescu , Catalin"]
[Black "Burlacu, Bogdan"]
[Result "1-0"]
[WhiteElo "2397"]
[BlackElo "2214"]
[PlyCount "45"]
[EventDate "2003.09.01"]
[EventType "k.o."]
[EventRounds "5"]
[EventCountry "ROM"]
[Source "Roberto Alvarez"]
[SourceDate "2003.10.06"]

1. d4 Nf6 2. c4 g6 3. Nc3 Bg7 4. Bg5 d6 5. Nf3 O-O 6. e3 Nbd7 7. Be2 e5 8. Qc2
exd4 9. Nxd4 Re8 10. Rd1 a5 11. O-O Nc5 12. b3 Bd7 13. Bh4 Qc8 14. Nd5 Nxd5 15.
cxd5 h5 16. Bb5 Bxb5 17. Nxb5 Re4 18. Bg3 Rb4 19. Nd4 a4 20. Qc3 Rb6 21. b4 Ne4
22. Qc4 a3 23. Rd3 1-0

[Event "ROM-ch"]
[Site "Satu Mare"]
[Date "2003.09.03"]
[Round "2.1"]
[White "Navrotescu , Catalin"]
[Black "Sofronie, Iulian"]
[Result "1-0"]
[WhiteElo "2397"]
[BlackElo "2438"]
[PlyCount "115"]
[EventDate "2003.09.01"]
[EventType "k.o."]
[EventRounds "5"]
[EventCountry "ROM"]
[Source "Roberto Alvarez"]
[SourceDate "2003.10.06"]

1. d4 Nf6 2. c4 e6 3. Nf3 b6 4. e3 Bb7 5. Bd3 Bb4+ 6. Nbd2 O-O 7. O-O Bxd2 8.
Bxd2 Ne4 9. Qc2 f5 10. Be1 c5 11. Nd2 Nxd2 12. Bxd2 Qh4 13. f4 Nc6 14. dxc5
bxc5 15. a3 a5 16. Bc3 d6 17. Rae1 Qh5 18. e4 fxe4 19. Bxe4 d5 20. Bf3 Qf7 21.
f5 Qxf5 22. Qxf5 Rxf5 23. Rxe6 Nd4 24. Bxd4 cxd4 25. Rb6 Ba6 26. Bxd5+ Rxd5 27.
cxd5 Bxf1 28. Kxf1 Rc8 29. d6 Kf7 30. d7 Rf8 31. Ke2 Ke7 32. Rb7 Rf5 33. Kd3
Rf2 34. d8=Q+ Kxd8 35. Rxg7 Rxb2 36. Kxd4 h5 37. Kc3 Rf2 38. Kb3 Rf4 39. Rg5
a4+ 40. Kc3 h4 41. Rd5+ Kc7 42. Rd4 Rf2 43. Rxa4 h3 44. gxh3 Rxh2 45. Rf4 Kd6
46. h4 Kd5 47. Rg4 Rh3+ 48. Kb4 Kc6 49. a4 Rh1 50. Rf4 Kd5 51. Kb5 Rb1+ 52. Rb4
Rf1 53. a5 Rf8 54. a6 Rb8+ 55. Ka5 Ra8 56. Rb5+ Kd6 57. Rb7 Rh8 58. a7 1-0

[Event "ROM-ch"]
[Site "Satu Mare"]
[Date "2003.09.04"]
[Round "2.2"]
[White "Sofronie, Iulian"]
[Black "Navrotescu , Catalin"]
[Result "1/2-1/2"]
[WhiteElo "2438"]
[BlackElo "2397"]
[PlyCount "81"]
[EventDate "2003.09.01"]
[EventType "k.o."]
[EventRounds "5"]
[EventCountry "ROM"]
[Source "Roberto Alvarez"]
[SourceDate "2003.10.06"]

1. e4 e6 2. d4 d5 3. e5 c5 4. c3 Nc6 5. Nf3 Qb6 6. a3 Bd7 7. b4 cxd4 8. cxd4
Rc8 9. Be2 Nge7 10. Qd2 Nf5 11. Bb2 Be7 12. O-O O-O 13. Rd1 f6 14. Nc3 Qd8 15.
Rac1 Kh8 16. Rf1 Be8 17. Nd1 Bh5 18. Ne3 Bxf3 19. Bxf3 fxe5 20. dxe5 Bg5 21.
Qd3 Nxe3 22. fxe3 d4 23. Rc5 Bxe3+ 24. Kh1 Qe7 25. Rd1 Qg5 26. Qb5 Bf4 27. Bc1
Nxe5 28. Bxb7 Rb8 29. h3 Bxc1 30. Rxe5 Qh6 31. Qa6 Bf4 32. Rxe6 Qh4 33. Rd3 Be3
34. Rdxe3 dxe3 35. Rxe3 Qf2 36. Rf3 Qe1+ 37. Kh2 Qe5+ 38. g3 Qb2+ 39. Kg1 Qd4+
40. Kg2 Qd2+ 41. Kg1 1/2-1/2

[Event "ROM-ch"]
[Site "Satu Mare"]
[Date "2003.09.05"]
[Round "3.1"]
[White "Florescu, Codrut-Constantin"]
[Black "Navrotescu , Catalin"]
[Result "1/2-1/2"]
[WhiteElo "2416"]
[BlackElo "2397"]
[PlyCount "70"]
[EventDate "2003.09.01"]
[EventType "k.o."]
[EventRounds "5"]
[EventCountry "ROM"]
[Source "Roberto Alvarez"]
[SourceDate "2003.10.06"]

1. d4 f5 2. g3 Nf6 3. Bg2 g6 4. Nd2 Bg7 5. c3 O-O 6. Ndf3 e6 7. h4 Nc6 8. Bg5
h6 9. Bf4 d6 10. Qd2 Ng4 11. d5 exd5 12. Qxd5+ Rf7 13. Nh3 Qe7 14. O-O Be6 15.
Qd2 Re8 16. Rfe1 d5 17. Nd4 Nxd4 18. cxd4 Kh7 19. Rac1 c6 20. b4 a6 21. a4 Nf6
22. Rb1 Ne4 23. Qe3 Qf8 24. Be5 Nd6 25. Bxg7 Qxg7 26. Nf4 Bd7 27. Qc3 Ne4 28.
Qd3 g5 29. hxg5 hxg5 30. Nh3 Rf6 31. Rb3 Rg6 32. Rd1 Kg8 33. Kf1 Rf8 34. Ng1 f4
35. Bxe4 dxe4 1/2-1/2

[Event "ROM-ch"]
[Site "Satu Mare"]
[Date "2003.09.06"]
[Round "3.2"]
[White "Navrotescu , Catalin"]
[Black "Florescu, Codrut-Constantin"]
[Result "1-0"]
[WhiteElo "2397"]
[BlackElo "2416"]
[PlyCount "81"]
[EventDate "2003.09.01"]
[EventType "k.o."]
[EventRounds "5"]
[EventCountry "ROM"]
[Source "Roberto Alvarez"]
[SourceDate "2003.10.06"]

1. d4 Nf6 2. c4 e6 3. g3 d5 4. Nf3 Bb4+ 5. Bd2 Be7 6. Bg2 O-O 7. O-O c6 8. Qc2
Nbd7 9. Rd1 Ne4 10. Bc1 f5 11. b3 Qe8 12. e3 Qh5 13. Ba3 Bxa3 14. Nxa3 Rf6 15.
Nb1 Rh6 16. Nc3 Ndf6 17. h3 Bd7 18. Ne2 g5 19. Ne5 Qe8 20. c5 Nh5 21. b4 Qe7
22. a4 Rf8 23. Ra3 Be8 24. Rb3 a6 25. Ra1 Rhf6 26. Raa3 Qg7 27. Qc1 Kh8 28. Qe1
g4 29. h4 Rh6 30. Nf4 Nxf4 31. exf4 Rhf6 32. Bf1 Rh6 33. b5 axb5 34. axb5 Rg8
35. b6 Qf6 36. Ra7 Qg7 37. Rba3 Qe7 38. Ra8 Qf6 39. Rb8 Rxh4 40. gxh4 Qxh4 41.
Bg2 1-0

[Event "ROM-ch"]
[Site "Satu Mare"]
[Date "2003.09.07"]
[Round "4.1"]
[White "Navrotescu , Catalin"]
[Black "Vajda , Albert (MI)"]
[Result "1/2-1/2"]
[WhiteElo "2397"]
[BlackElo "2447"]
[PlyCount "38"]
[EventDate "2003.09.01"]
[EventType "k.o."]
[EventRounds "5"]
[EventCountry "ROM"]
[Source "Roberto Alvarez"]
[SourceDate "2003.10.06"]

1. d4 d5 2. c4 c6 3. Nf3 Nf6 4. e3 Bf5 5. Nc3 e6 6. Nh4 Bg6 7. Qb3 Qc7 8. Bd2
Nbd7 9. Rc1 Rc8 10. Nxg6 hxg6 11. h3 Be7 12. Bd3 Qb8 13. cxd5 exd5 14. e4 dxe4
15. Nxe4 Nxe4 16. Bxe4 Nf6 17. Bf3 O-O 18. O-O Rcd8 19. Rfe1 Rd7 1/2-1/2

[Event "ROM-ch"]
[Site "Satu Mare"]
[Date "2003.09.08"]
[Round "4.2"]
[White "Vajda , Albert (MI)"]
[Black "Navrotescu , Catalin"]
[Result "1/2-1/2"]
[WhiteElo "2447"]
[BlackElo "2397"]
[PlyCount "58"]
[EventDate "2003.09.01"]
[EventType "k.o."]
[EventRounds "5"]
[EventCountry "ROM"]
[Source "Roberto Alvarez"]
[SourceDate "2003.10.06"]

1. e4 c5 2. Nf3 Nc6 3. Bb5 d6 4. O-O Bg4 5. h3 Bh5 6. Re1 e6 7. c3 Nf6 8. d3
Be7 9. Nbd2 O-O 10. g4 Bg6 11. Nh4 e5 12. Nf1 Ne8 13. Nf5 Nc7 14. Bxc6 bxc6 15.
Qa4 Bxf5 16. gxf5 Qd7 17. Re3 Kh8 18. Rf3 Ne8 19. Kh1 Nf6 20. Bg5 Rab8 21. Bxf6
Bxf6 22. Qc2 Bg5 23. Ne3 f6 24. Rg1 Rb7 25. Rfg3 Rfb8 26. b3 a5 27. Nc4 Qc7 28.
Qe2 Bf4 29. R3g2 Ra8 1/2-1/2

[Event "ROM-ch"]
[Site "Satu Mare"]
[Date "2003.09.10"]
[Round "5.2"]
[White "Navrotescu , Catalin"]
[Black "Grunberg, Mihai Lucian"]
[Result "1/2-1/2"]
[WhiteElo "2397"]
[BlackElo "2406"]
[PlyCount "32"]
[EventDate "2003.09.01"]
[EventType "k.o."]
[EventRounds "5"]
[EventCountry "ROM"]
[Source "Roberto Alvarez"]
[SourceDate "2003.10.06"]

1. d4 f5 2. g3 Nf6 3. Bg2 g6 4. c3 Bg7 5. Qb3 d5 6. c4 c6 7. Nc3 e6 8. Nf3 O-O
9. O-O Nbd7 10. Bf4 h6 11. Rad1 Ne4 12. Nxe4 fxe4 13. Ne5 Nxe5 14. Bxe5 Bxe5
15. dxe5 Qb6 16. Qc3 a5 1/2-1/2

[Event "FRA-chT2"]
[Site "France"]
[Date "2002.01.??"]
[Round "5"]
[White "Amoyal, Pierre"]
[Black "Navrotescu , Catalin"]
[Result "1/2-1/2"]
[WhiteElo "2205"]
[BlackElo "2430"]
[PlyCount "49"]
[EventDate "2002.??.??"]
[EventRounds "11"]
[EventCountry "FRA"]
[Source "ChessBase"]
[SourceDate "2002.11.25"]

1. d4 Nf6 2. c4 c5 3. d5 b5 4. cxb5 a6 5. bxa6 g6 6. Nc3 Bxa6 7. Nf3 d6 8. g3
Bg7 9. Bg2 Nbd7 10. Rb1 Nb6 11. Nd2 Bb7 12. Nf1 O-O 13. Ne3 Ra6 14. O-O Qa8 15.
a3 Nfd7 16. Qb3 Rc8 17. Rd1 c4 18. Qc2 Ra5 19. Bd2 Rac5 20. Ne4 Rb5 21. Nc3
Rbc5 22. Ne4 Rb5 23. Nc3 Ra5 24. Na2 Rb5 25. Nc3 1/2-1/2

[Event "FRA-chT2"]
[Site "France"]
[Date "2002.01.??"]
[Round "6"]
[White "Navrotescu , Catalin"]
[Black "Pira, Davoud"]
[Result "0-1"]
[WhiteElo "2430"]
[BlackElo "2431"]
[PlyCount "70"]
[EventDate "2002.??.??"]
[EventRounds "11"]
[EventCountry "FRA"]
[Source "ChessBase"]
[SourceDate "2002.11.25"]

1. d4 Nf6 2. c4 e6 3. Nc3 Bb4 4. e3 c5 5. Bd3 Nc6 6. Nf3 Bxc3+ 7. bxc3 d6 8.
O-O e5 9. Nd2 O-O 10. d5 Ne7 11. Re1 Bd7 12. Rb1 Rb8 13. e4 Ne8 14. Nf1 f5 15.
exf5 Bxf5 16. Bxf5 Rxf5 17. Qg4 Rf7 18. Ng3 Ng6 19. Bg5 Qd7 20. h3 h6 21. Be3
Kh7 22. Qe4 Qd8 23. Rb2 Qh4 24. Qd3 Qf6 25. Reb1 Kg8 26. a4 Nh4 27. Qe4 g5 28.
Qg4 Qg6 29. a5 Ng7 30. Qe4 Ngf5 31. Nf1 Qg7 32. Nd2 Rbf8 33. Qg4 Rb8 34. Ne4
Ng6 35. Ng3 Rbf8 {suite illisible} 0-1

[Event "FRA-chT2"]
[Site "France"]
[Date "2002.02.??"]
[Round "7"]
[White "Cousigne, Frederic"]
[Black "Navrotescu , Catalin"]
[Result "0-1"]
[WhiteElo "2249"]
[BlackElo "2430"]
[PlyCount "94"]
[EventDate "2002.??.??"]
[EventRounds "11"]
[EventCountry "FRA"]
[Source "ChessBase"]
[SourceDate "2002.11.25"]

1. d4 Nf6 2. c4 g6 3. Nc3 Bg7 4. e4 d6 5. h3 O-O 6. Bg5 Nbd7 7. Nf3 e5 8. d5 a5
9. a3 Nc5 10. b4 axb4 11. axb4 Rxa1 12. Qxa1 Nb3 13. Qd1 Nd4 14. Be2 Bd7 15.
O-O Nxd5 16. Bxd8 Nxc3 17. Qa1 Ncxe2+ 18. Kh2 Rxd8 19. Qa7 Bc6 20. b5 Bxe4 21.
Ng5 Bd3 22. Qxb7 Bf6 23. Ne4 Bxe4 24. Qxe4 d5 25. cxd5 Nc3 26. Qd3 e4 27. Qe3
Ndxb5 28. f3 Bd4 29. Qg5 Rxd5 30. Qe7 e3 31. Ra1 Na7 32. f4 e2 33. Ra6 Kg7 34.
g4 Be5 35. Ra1 Bxf4+ 36. Kg2 Be5 37. Qe8 Nc6 38. Re1 Nd4 39. Kf2 Nc2 40. Rxe2
Nxe2 41. Kxe2 Nd4+ 42. Ke3 Ne6 43. h4 Bf4+ 44. Kf3 c5 45. Qc8 Rd3+ 46. Ke4 Rd4+
47. Kf3 c4 0-1

[Event "FRA-chT2"]
[Site "France"]
[Date "2002.03.09"]
[Round "8"]
[White "Navrotescu , Catalin"]
[Black "Dimitrov, Vladimir"]
[Result "0-1"]
[WhiteElo "2430"]
[BlackElo "2451"]
[PlyCount "100"]
[EventDate "2002.??.??"]
[EventRounds "11"]
[EventCountry "FRA"]
[Source "ChessBase"]
[SourceDate "2002.11.25"]

1. d4 Nf6 2. c4 g6 3. Nc3 Bg7 4. e4 d6 5. Nf3 O-O 6. Be2 e5 7. O-O Nbd7 8. Re1
c6 9. Bf1 Re8 10. d5 c5 11. a3 Re7 12. Bg5 h6 13. Bd2 Ne8 14. g3 Nf8 15. Qc1 g5
16. h3 Ng6 17. Qc2 Bf8 18. Nh2 f6 19. Ng4 Rh7 20. Ne3 Ng7 21. Nf5 h5 22. b4 Ne7
23. Bd3 Qd7 24. f3 Ngxf5 25. exf5 Nxf5 26. g4 Nd4 27. Bxh7+ Qxh7 28. Qxh7+ Kxh7
29. Rf1 Kg6 30. Kf2 Be7 31. Rg1 Bd7 32. Ne4 Rh8 33. Be3 hxg4 34. Bxd4 Rxh3 35.
Be3 Rxf3+ 36. Ke2 f5 37. bxc5 fxe4 38. Rab1 Bc8 39. cxd6 Bxd6 40. Bxa7 Bxa3 41.
Be3 g3 42. Kd2 Bh3 43. d6 Kh5 44. Rh1 g2 45. Rxh3+ Rxh3 46. d7 Be7 47. Ke2 Kg4
48. Bc5 Bxc5 49. d8=Q Re3+ 50. Kd2 Rd3+ 0-1

[Event "FRA-chT2"]
[Site "France"]
[Date "2002.03.??"]
[Round "9.1"]
[White "Prevot, Emmanuel"]
[Black "Navrotescu , Catalin"]
[Result "0-1"]
[WhiteElo "2219"]
[BlackElo "2430"]
[PlyCount "74"]
[EventDate "2002.??.??"]
[EventRounds "11"]
[EventCountry "FRA"]
[Source "ChessBase"]
[SourceDate "2002.11.25"]

1. e4 c5 2. Nf3 d6 3. g3 Nc6 4. Bg2 g6 5. O-O Bg7 6. d3 e5 7. c3 Nge7 8. Nh4
O-O 9. f4 exf4 10. gxf4 f5 11. Nd2 Kh8 12. Ndf3 d5 13. exd5 Nxd5 14. Ng5 Qd6
15. Qb3 Nce7 16. Re1 h6 17. Rxe7 Nxe7 18. Nf7+ Rxf7 19. Qxf7 Kh7 20. Qc4 Be6
21. Qb5 Nd5 22. Qxb7 Rb8 23. Qxa7 Nxf4 24. Be3 Nxd3 25. b3 Qe5 26. Bd2 Rd8 27.
Rf1 Bd5 28. Nf3 Qe2 29. Qc7 Rf8 30. Bf4 Rf7 31. Qd6 Bxc3 32. Ng5+ hxg5 33. Qxd5
Bd4+ 34. Kh1 Kg7 35. Bg3 f4 36. Qe4 Re7 37. Qxe2 Rxe2 0-1

[Event "FRA-chT2"]
[Site "France"]
[Date "2002.03.??"]
[Round "10.1"]
[White "Blot, Jerome"]
[Black "Navrotescu , Catalin"]
[Result "1-0"]
[WhiteElo "2299"]
[BlackElo "2430"]
[PlyCount "81"]
[EventDate "2002.??.??"]
[EventRounds "11"]
[EventCountry "FRA"]
[Source "ChessBase"]
[SourceDate "2002.11.25"]

1. d4 Nf6 2. c4 c5 3. d5 b5 4. cxb5 a6 5. bxa6 g6 6. Nc3 Bxa6 7. e4 Bxf1 8.
Kxf1 d6 9. g3 Bg7 10. Kg2 O-O 11. Nf3 Nbd7 12. h3 Ra6 13. Re1 Qa8 14. Bg5 Rb8
15. Qc2 Rab6 16. b3 Rb4 17. Nd2 e6 18. a3 R4b6 19. dxe6 fxe6 20. a4 d5 21. Rad1
c4 22. bxc4 Rb2 23. Qd3 Nc5 24. Qf1 d4 25. Nd5 exd5 26. Bxf6 Bxf6 27. cxd5 d3
28. Nf3 Bc3 29. Re3 Qxa4 30. Rdxd3 Rb1 31. Qxb1 Rxb1 32. Rxc3 Nxe4 33. Rc8+ Kg7
34. Rc7+ Kf6 35. Rc6+ Kf5 36. Re6 Rd1 37. g4+ Kf4 38. R3xe4+ Qxe4 39. Rf6+ Qf5
40. gxf5 gxf5 41. Rh6 1-0

[Event "FRA-chT2"]
[Site "France"]
[Date "2002.03.??"]
[Round "11.1"]
[White "Navrotescu , Catalin"]
[Black "Vareille, Francois"]
[Result "1/2-1/2"]
[WhiteElo "2430"]
[BlackElo "2402"]
[PlyCount "25"]
[EventDate "2002.??.??"]
[EventRounds "11"]
[EventCountry "FRA"]
[Source "ChessBase"]
[SourceDate "2002.11.25"]

1. d4 Nf6 2. c4 g6 3. Nc3 d5 4. cxd5 Nxd5 5. e4 Nxc3 6. bxc3 Bg7 7. Ba3 Nd7 8.
Nf3 c5 9. Qb3 O-O 10. Be2 Qc7 11. O-O Rb8 12. e5 e6 13. Nd2 1/2-1/2

[Event "ROM-chT"]
[Site "?"]
[Date "2002.??.??"]
[Round "?"]
[White "Navrotescu , Catalin"]
[Black "Florescu, Codrut-Constantin"]
[Result "1/2-1/2"]
[WhiteElo "2430"]
[BlackElo "2371"]
[PlyCount "65"]
[EventDate "2002.??.??"]

1. d4 Nf6 2. c4 e6 3. Nf3 b6 4. Nc3 Bb4 5. e3 Ne4 6. Qc2 Bb7 7. Bd3 f5 8. O-O
Bxc3 9. bxc3 O-O 10. Nd2 Qh4 11. f3 Nxd2 12. Bxd2 Nc6 13. Be1 Qh6 14. Bf2 Rae8
15. Rab1 Ba6 16. e4 fxe4 17. fxe4 Na5 18. Qe2 e5 19. c5 Bxd3 20. Qxd3 exd4 21.
cxd4 Qg6 22. Bg3 Rxf1+ 23. Rxf1 Qxe4 24. Qxe4 Rxe4 25. Bxc7 Nc4 26. cxb6 axb6
27. Rd1 Re2 28. Rb1 Ne3 29. g3 Rxa2 30. Bxb6 Kf7 31. Re1 Ng4 32. h3 Nf6 33. Bc5
1/2-1/2

[Event "ROM-chT"]
[Site "?"]
[Date "2002.??.??"]
[Round "?"]
[White "Negulescu, Adrian"]
[Black "Navrotescu , Catalin"]
[Result "1/2-1/2"]
[WhiteElo "2449"]
[BlackElo "2430"]
[PlyCount "30"]
[EventDate "2002.??.??"]

1. e4 e5 2. Nf3 Nc6 3. Bb5 Nf6 4. O-O Bc5 5. d3 d6 6. c3 O-O 7. Bxc6 bxc6 8. h3
Qe7 9. Re1 a5 10. Nfd2 Bb6 11. Nf1 Ne8 12. Ng3 g6 13. d4 f6 14. Bh6 Ng7 15. Qd2
Be6 1/2-1/2

[Event "ROM-ch"]
[Site "Targoviste"]
[Date "2001.11.24"]
[Round "1"]
[White "Nevednichy, Vladislav"]
[Black "Navrotescu , Catalin"]
[Result "1/2-1/2"]
[WhiteElo "2593"]
[BlackElo "2435"]
[PlyCount "51"]
[EventDate "2001.11.23"]
[EventType "tourn"]
[EventRounds "15"]
[EventCountry "ROM"]
[EventCategory "9"]
[Source "ChessBase"]
[SourceDate "2002.03.21"]

1. e4 c5 2. Nf3 d6 3. d4 cxd4 4. Nxd4 Nf6 5. f3 Nc6 6. Nc3 e6 7. Be3 Be7 8. Qd2
O-O 9. O-O-O a6 10. h4 Nxd4 11. Bxd4 b5 12. g4 Bb7 13. g5 Nd7 14. a3 Ne5 15.
Qe3 Nc6 16. Bb6 Qc8 17. h5 b4 18. axb4 Nxb4 19. h6 e5 20. hxg7 Kxg7 21. g6 hxg6
22. Qh6+ Kf6 23. Qh4+ Ke6 24. Bh3+ f5 25. exf5+ gxf5 26. Qxb4 1/2-1/2